000 00505nam a2200181Ia 4500
001 3089
005 20260306144855.0
008 260306t2003||||xx |||||||||||||| ||spa||
041 _aESP
082 _a250
_bI35
100 _aUniversidad San Pablo CEU (ed.)
_eAUT
245 0 _aIglesia, estado y sociedad internacional:
_blibro homenaje a D. José Giménez y Martínez de Carvajal
260 _c2003
300 _a655 páginas :
_c24 cm.
650 _aGEN
654 _aCHU
942 _cLIB
_dJUS
_fJUS
_2ddc
_n
999 _c3089
_d3089